Honduras: "ahuas tara II"

Αποθηκεύτηκε σε:
Λεπτομέρειες βιβλιογραφικής εγγραφής
Μορφή: Κείμενο
Θέματα:
Ετικέτες: Προσθήκη ετικέτας
Δεν υπάρχουν, Καταχωρήστε ετικέτα πρώτοι!

MARC

LEADER 00000 a a2200000 04500
001 18128
003
040
245 |a Honduras:   |b "ahuas tara II"  
650 |a MILITARISMO  
650 |a POLITICA  
650 |a HONDURAS  
773 |g volumen 7, número 44; (1963) Página. 691  
999 |c 26735  |d 26735 
773 0 |0 42391  |9 4194  |a Agencia Latinoamericana de Información, ALAI  |d Quito, Ecuador: ALAI  |o 03962  |t ALAI:  |x 08275564 (Servicio mensual de información y documentación)